Advanced organic chemistry. (Record no. 115347)
[ view plain ]
| 000 -LEADER | |
|---|---|
| fixed length control field | 00555nam a2200217Ia 4500 |
| 003 - CONTROL NUMBER IDENTIFIER | |
| control field | OSt |
| 005 - DATE AND TIME OF LATEST TRANSACTION | |
| control field | 20220218154542.0 |
| 008 - FIXED-LENGTH DATA ELEMENTS--GENERAL INFORMATION | |
| fixed length control field | 210210b2005 xxu||||| |||| 00| 0 eng d |
| 020 ## - INTERNATIONAL STANDARD BOOK NUMBER | |
| International Standard Book Number | 81 219 0061 1 |
| 040 ## - CATALOGING SOURCE | |
| Original cataloging agency | AL |
| Transcribing agency | |
| 041 ## - LANGUAGE CODE | |
| Language code of text/sound track or separate title | English |
| 082 ## - DEWEY DECIMAL CLASSIFICATION NUMBER | |
| Classification number | 542/227 UGC |
| 100 ## - MAIN ENTRY--PERSONAL NAME | |
| Personal name | BAHL (Arun) and BAHL (B S). |
| 9 (RLIN) | 21123 |
| 245 ## - TITLE STATEMENT | |
| Title | Advanced organic chemistry. |
| 260 ## - PUBLICATION, DISTRIBUTION, ETC. | |
| Place of publication, distribution, etc. | ND |
| Name of publisher, distributor, etc. | S. Chand & Co. Ltd. |
| Date of publication, distribution, etc. | 2005 |
| 300 ## - PHYSICAL DESCRIPTION | |
| Extent | viii,1365 |
| 650 ## - SUBJECT ADDED ENTRY--TOPICAL TERM | |
| Topical term or geographic name entry element | Organic Chemistry |
| 9 (RLIN) | 21124 |
| 690 ## - LOCAL SUBJECT ADDED ENTRY--TOPICAL TERM (OCLC, RLIN) | |
| Topical term or geographic name as entry element | Organic Chemistry |
| 9 (RLIN) | 21124 |
| 906 ## - LOCAL DATA ELEMENT F, LDF (RLIN) | |
| a | SG04685 |
| 942 ## - ADDED ENTRY ELEMENTS (KOHA) | |
| Source of classification or shelving scheme | Dewey Decimal Classification |
| Koha item type | Book |
| Withdrawn status | Lost status | Source of classification or shelving scheme | Damaged status | Not for loan | Collection code | Home library | Current library | Shelving location | Date acquired | Source of acquisition | Cost, normal purchase price | Total Checkouts | Full call number | Barcode | Date last seen | Price effective from | Koha item type | Cost, replacement price |
|---|---|---|---|---|---|---|---|---|---|---|---|---|---|---|---|---|---|---|
| Dewey Decimal Classification | Chemistry | St Aloysius Library | St Aloysius Library | UGC Book Bank | 02/17/2021 | School Book Company, Mangalore. | 0.00 | 542/227 BAHA | SG04685 | 02/17/2021 | 02/17/2021 | Special Grants | ||||||
| Dewey Decimal Classification | Chemistry | St Aloysius Library | St Aloysius Library | UGC Book Bank | 02/17/2021 | School Book Company, Mangalore. | 0.00 | 542/228 BAHA | SG04686 | 02/17/2021 | 02/17/2021 | Special Grants | 490.00 | |||||
| Dewey Decimal Classification | Chemistry | St Aloysius Library | St Aloysius Library | UGC Book Bank | 02/17/2021 | School Book Company, Mangalore. | 0.00 | 542/226 BAHA | SG04684 | 02/17/2021 | 02/17/2021 | Special Grants | ||||||
| Dewey Decimal Classification | Chemistry | St Aloysius Library | St Aloysius Library | UGC Book Bank | 02/17/2021 | School Book Company, Mangalore. | 0.00 | 542/229 BAHA | SG04687 | 02/17/2021 | 02/17/2021 | Special Grants | ||||||
| Dewey Decimal Classification | Chemistry | St Aloysius Library | St Aloysius Library | UGC Book Bank | 02/17/2021 | School Book Company, Mangalore. | 0.00 | 542/234 BAHA | SG04767 | 02/17/2021 | 02/17/2021 | Special Grants | ||||||
| Dewey Decimal Classification | Chemistry | St Aloysius Library | St Aloysius Library | UGC Book Bank | 02/17/2021 | School Book Company, Mangalore. | 490.00 | 542/225 BAHA | SG04683 | 02/17/2021 | 02/17/2021 | Special Grants | ||||||
| Dewey Decimal Classification | Chemistry | St Aloysius Library | St Aloysius Library | UGC Book Bank | 02/17/2021 | School Book Company, Mangalore. | 0.00 | 542/231 BAHA | SG04764 | 02/17/2021 | 02/17/2021 | Special Grants | ||||||
| Dewey Decimal Classification | Chemistry | St Aloysius Library | St Aloysius Library | UGC Book Bank | 02/17/2021 | School Book Company, Mangalore. | 0.00 | 542/230 BAHA | SG04763 | 02/17/2021 | 02/17/2021 | Special Grants | ||||||
| Dewey Decimal Classification | Chemistry | St Aloysius Library | St Aloysius Library | UGC Book Bank | 02/17/2021 | School Book Company, Mangalore. | 0.00 | 542/232 BAHA | SG04765 | 02/17/2021 | 02/17/2021 | Special Grants | ||||||
| Dewey Decimal Classification | Chemistry | St Aloysius Library | St Aloysius Library | UGC Book Bank | 02/17/2021 | School Book Company, Mangalore. | 0.00 | 542/233 BAHA | SG04766 | 02/17/2021 | 02/17/2021 | Special Grants |